La extinción del contrato de trabajadores autónomos / (Record no. 188932)

MARC details
000 -LEADER
campo de control de longitud fija 00651nam a2200193 i 4500
001 - NÚMERO DE CONTROL
campo de control 188932
003 - IDENTIFICADOR DE NÚMERO DE CONTROL
campo de control ES-MaACL
005 - FECHA Y HORA DE LA ÚLTIMA TRANSACCIÓN
campo de control 20250826063208.0
008 - DATOS DE LONGITUD FIJA--INFORMACIÓN GENERAL
campo de control de longitud fija 190227q2015 sp |||| | spa d
100 1# - ENTRADA PRINCIPAL--NOMBRE DE PERSONA
Nombre de persona Lluís y Navas, Jaime.
9 (RLIN) 72976
245 13 - MENCIÓN DEL TÍTULO
Título La extinción del contrato de trabajadores autónomos /
Mención de responsabilidad, etc. Jaime Lluis y Navas.
260 ## - PUBLICACIÓN, DISTRIBUCIÓN, ETC.
Lugar de publicación, distribución, etc. Barcelona :
Nombre del editor, distribuidor, etc. [J. Lluis y Navas,
Fecha de publicación, distribución, etc. 2015]
300 ## - DESCRIPCIÓN FÍSICA
Extensión 23 p. ;
Dimensiones 21 cm.
594 ## - Nota al título y mención de responsabilidad
Nota al título y mención de responsabilidad Datos tomados de cub.
650 04 - PUNTO DE ACCESO ADICIONAL DE MATERIA--TÉRMINO DE MATERIA
Término de materia o nombre geográfico como elemento de entrada Trabajadores autónomos-
Subdivisión general Estatuto jurídico.
9 (RLIN) 158739
650 04 - PUNTO DE ACCESO ADICIONAL DE MATERIA--TÉRMINO DE MATERIA
Término de materia o nombre geográfico como elemento de entrada Contratos de trabajo-
Subdivisión general Extinción-
Subdivisión geográfica España
9 (RLIN) 11333
852 ## - LOCALIZACIÓN
Ubicación ES-MaACL
Número de control de estantería 2338-F-4
Holdings
Estatus retirado Estado de pérdida Estado de daño No para préstamo Colección Biblioteca de origen Biblioteca actual Ubicación en estantería Fecha de adquisición Fuente de adquisición Total de préstamos Signatura topográfica completa Código de barras Visto por última vez Precio de reemplazo Tipo de ítem Koha
        Colección de folletos Biblioteca del Ateneo de Madrid Biblioteca del Ateneo de Madrid Depósito folletos 27/02/2019     2338-F-4 1200081 23/02/2023 23/02/2023 Folleto